One, Two...Not Three Quiz Stats

 Plays Quiz Updated Oct 30, 2017

Also try: This, But Not That
Challenge
Share
Tweet
Embed
Score 0/33 Timer 10:00
0 Plays Today
% Correct
Coin Sides
91.4%
Polo Shirt Parts
89.8%
US States
87.6%
Famous Benjamins
86.8%
Chess Pieces
85.8%
Legal Documents
84.9%
Countries
84.9%
Dinnerware
84.3%
Colors
83%
Cylindrical Containers
82.9%
Insurance Types
81.3%
Pastries
80.5%
Verbs (Modal)
79.8%
Nationalities
78.3%
Islands
77.6%
Parts of the 4-H Pledge
76.9%
Terms for Acquiring a Disease
76.1%
% Correct
Arena Rock Bands
75.9%
Cream Pies
75.9%
Glasses
75%
'Splits' Terms
74.1%
Derbies
73.4%
Barbecue Styles
70.5%
Chowders
69.8%
Rolls
69%
London Attractions
68.3%
Things to Do with a Ball
68.1%
Card Games
66.5%
Bones (Colloquially)
66.2%
Soul Legends
66%
NFL Teams
63.6%
Belts
61.7%
'Sports' Terms (Common)
54.1%

You're not logged in!

Compare scores with friends on all Sporcle quizzes.
OR
Log In

You Might Also Like...

Show Comments

Extras

Top Quizzes Today


Score Distribution

Your Account Isn't Verified!

In order to create a playlist on Sporcle, you need to verify the email address you used during registration. Go to your Sporcle Settings to finish the process.

Report this User

Report this user for behavior that violates our Community Guidelines.

Details: